History of England:From the Earliest Times to the Norman Conquest (Record no. 835)

MARC details
000 -LEADER
fixed length control field 00394nam a2200133Ia 4500
008 - FIXED-LENGTH DATA ELEMENTS--GENERAL INFORMATION
fixed length control field 211109s9999||||xx |||||||||||||| ||und||
082 ## - DEWEY DECIMAL CLASSIFICATION NUMBER
Classification number 942
Item number HOD-H
100 ## - MAIN ENTRY--PERSONAL NAME
Personal name Hodgkin, Thomas
245 #0 - TITLE STATEMENT
Title History of England:From the Earliest Times to the Norman Conquest
260 ## - PUBLICATION, DISTRIBUTION, ETC.
Name of publisher, distributor, etc. Longmans
Place of publication, distribution, etc. London
Date of publication, distribution, etc. 1920
630 ## - SUBJECT ADDED ENTRY--UNIFORM TITLE
General subdivision General Stack
650 ## - SUBJECT ADDED ENTRY--TOPICAL TERM
Topical term or geographic name entry element Great Britain
942 ## - ADDED ENTRY ELEMENTS (KOHA)
Koha item type BOOK
650 ## - SUBJECT ADDED ENTRY--TOPICAL TERM
Form subdivision History of England
General subdivision History
Holdings
Withdrawn status Lost status Damaged status Not for loan Home library Current library Date acquired Cost, normal purchase price Total Checkouts Full call number Barcode Shelving location Date last seen Price effective from Koha item type
        SB LIBRARY SB LIBRARY 09/11/2021 20.00   942 HOD-H 00000836 GENERAL STACK 09/11/2021 09/11/2021 BOOK

Powered by Koha